000 00767nam a2200241 i 4500
001 15329
003 ES-MaACL
005 20230906151038.0
007 t|
008 000214s1998 sp ||||0| spa j
020 _a84-7895-100-8
040 _aM-BN
_bspa
_cM-BN
080 _a821.133.1-14"19"
100 0 _aDuras, Marguerite,
_d1914-1996
_946279
245 1 0 _aEsto es todo /
_cMarguerite Duras ; precedido del estudio de Christiane Blot-Labarrère ; [traducción José Luis Checa].
260 _aMadrid :
_bOllero & Ramos,
_c[1998]
300 _a62 p. ;
_c22 cm.
700 1 _aBlot-Labarrère, Christiane.
_929569
700 1 _aCheca, José Luis.
_938297
852 _aES-MaACL
_jL-22644
_bR.127908
999 _c15329
_d15329